| 000 | 00361nam a2200133Ia 4500 | ||
|---|---|---|---|
| 008 | 220217s9999 xx 000 0 und d | ||
| 100 | _aSobhana, P. | ||
| 245 | 0 | _aPhysiology of rooting and stock-scion interaction in Hevea | |
| 260 |
_bUniversity of Kerala _a Trivandrum |
||
| 300 | _a232 | ||
| 500 | _aCourse: Ph. D | ||
| 700 | _aDr MR Sethuraj | ||
| 942 | _cTS | ||
| 999 |
_c74601 _d74601 |
||